000 01003nam a22002777a 4500
001 36683
003 BD-RjUL
005 20211209052523.0
008 140810s1996 nyua|||| b||| 001 0 eng d
020 _a0471131598
035 _a(BD-RjUL)36784
040 _aBD-RjUL
_beng
_cBD-RjUL
041 _aeng
082 _220
_a150.3
_bCON 1996
245 _aConcise encyclopedia of psychology /
_cRaymond J. Corsini and Alan J. Auerbach, editors ; consulting editors, Anne Anastasi ... [et al.] ; associate editors, Mary Allen ... [et al.] ; managing editor, Becky Ozaki.
250 _a2nd ed.
260 _a New York :
_bJ. Wiley,
_c c1996.
300 _axxi, 1035 p. :
_b ill. ;
_c29 cm.
504 _a includes bibliographical references and indexes.
650 _aPsychology
_xEncyclopedias.
_9111856
700 _aCorsini, Raymond J.
_94318
700 _a Auerbach, Alan J.
_q (Alan Jackson),
_9111857
700 _aAnastasi, Anne,
_989602
700 _aAllen, Mary.
_9111858
942 _2ddc
_cBK
999 _c36683
_d36683